000 00584nam a2200181Ia 4500
003 GCL
008 140319s9999 xx 000 0 ara d
040 _aGCL /
_cGCL
082 0 4 _aط
_b423.1
_bا ا
100 1 _aصديقة يوسف محمود
245 1 0 _aالصديق: قاموس عربى - انجليزى للمدرسة والمكتب والمنزل /
_cصديقة يوسف محمود
700 1 _aاحمد زكى بدوى
260 _a[S.N] :
_bدار الكتاب المصرى ،
_c1989
300 _a370 ص
490 _a
650 0 4 _aالاطفال
942 _2ddc
_cBK
999 _c32757
_d32757